000 00360nam a22001577a 4500
003 OSt
005 20211201095436.0
008 211201b |||||||| |||| 00| 0 eng d
040 _cHU
082 _a657
100 _aSKINNER R.M
_921214
245 _aACCOUNTING PRINCIPLE
260 _aCANADA
_bBERIYANT PRESS
_c1972
300 _a483
942 _2ddc
_cBOOKS
_n0
999 _c20880
_d20880